| 000 | 00804nam a2200265Ia 4500 | ||
|---|---|---|---|
| 003 | OSt | ||
| 005 | 20220207151946.0 | ||
| 008 | 210716s1998 xx 000 0 und d | ||
| 020 | _a0071077472 | ||
| 040 | _cAIMIT LIBRARY | ||
| 041 | _aeng | ||
| 082 |
_a657.48 _26 _bLIBR |
||
| 100 |
_aLibby, Robert. _917266 |
||
| 245 |
_aFinancial accounting / _cBy Robert Libby , Patricia A. Libby and Daniel G.Short. |
||
| 250 | _a6 | ||
| 260 |
_aNew Delhi : _bTata McGraw Hill _c2011. |
||
| 300 | _axxxii,754p, A3,B56,C23p | ||
| 650 |
_aFinancial Accounting _917267 |
||
| 650 |
_aFinancial Statements _917268 |
||
| 650 |
_aBalance Sheet _917269 |
||
| 650 |
_aStatement of Cashflows _917270 |
||
| 700 |
_aLibby, Patricia A. _917271 |
||
| 700 |
_aShort, Daniel G. _917272 |
||
| 942 |
_2ddc _cBK _e6th _k657.48 LIBR |
||
| 999 |
_c208099 _d208099 |
||